| 000 | 00417nam a2200169Ia 4500 | ||
|---|---|---|---|
| 008 | 230524s9999 xx 000 0 und d | ||
| 020 | _a9788131518786 | ||
| 082 |
_a624.15 _bDAS |
||
| 100 | _aBraja M.Das | ||
| 245 | 0 | _aPrinciples of Foundation Engineering | |
| 250 | _a7 | ||
| 260 |
_aDelhi _bCengage Learning _c2014 |
||
| 300 | _a"xix,789p;" | ||
| 500 | _aQuantity Number: 53 | ||
| 650 | _aCivil | ||
| 942 | _cBK | ||
| 999 |
_c55774 _d55774 |
||